ARRUPE JESUIT UNIVERSITY

CORONAVIRUS -STOP THE SPREAD - CLEAN,DISINFECT,COVER

The human life cycle among the Bantu : (Record no. 124481)

MARC details
000 -LEADER
fixed length control field 01239nam a2200301 a 4500
001 - CONTROL NUMBER
control field 1995416
003 - CONTROL NUMBER IDENTIFIER
control field ARRUPE
005 - DATE AND TIME OF LATEST TRANSACTION
control field 20160323141941.0
008 - FIXED-LENGTH DATA ELEMENTS--GENERAL INFORMATION
fixed length control field 890615s1974 tz a b 000 0 eng
010 ## - LIBRARY OF CONGRESS CONTROL NUMBER
LC control number 89980359
040 ## - CATALOGING SOURCE
Original cataloging agency DLC
Transcribing agency DLC
Modifying agency DLC
043 ## - GEOGRAPHIC AREA CODE
Geographic area code f-tz---
050 00 - LIBRARY OF CONGRESS CALL NUMBER
Classification number DT443.3.B35
Item number L87 1974
082 00 - DEWEY DECIMAL CLASSIFICATION NUMBER
Classification number 306.4/0899639067827
Edition number 20
300 ## - PHYSICAL DESCRIPTION
Other physical details ill. ;
Dimensions 20 cm.
100 1# - MAIN ENTRY--PERSONAL NAME
Personal name Lutahoire, Sebastian K.
Fuller form of name (Sebastian Kompaan)
9 (RLIN) 23375
245 14 - TITLE STATEMENT
Title The human life cycle among the Bantu :
Remainder of title with special reference to the people of the West Lake Region, Tanzania /
Statement of responsibility, etc Sebastian K. Lutahoire.
260 ## - PUBLICATION, DISTRIBUTION, ETC. (IMPRINT)
Place of publication, distribution, etc Arusha, Tanzania :
Name of publisher, distributor, etc Evangelical Lutheran Church of Tanzania,
Date of publication, distribution, etc c1974.
300 ## - PHYSICAL DESCRIPTION
Extent viii, 157 p. :
490 1# - SERIES STATEMENT
Series statement Makumira publication ;
Volume number/sequential designation 2
504 ## - BIBLIOGRAPHY, ETC. NOTE
Bibliography, etc Includes bibliographical references.
650 #0 - SUBJECT ADDED ENTRY--TOPICAL TERM
Topical term or geographic name as entry element Bantu-speaking peoples
Geographic subdivision Tanzania
-- West Lake Region
General subdivision Social life and customs.
9 (RLIN) 23376
650 #0 - SUBJECT ADDED ENTRY--TOPICAL TERM
General subdivision Missions
Geographic subdivision Tanzania
-- West Lake Region.
9 (RLIN) 23377
650 #0 - SUBJECT ADDED ENTRY--TOPICAL TERM
Topical term or geographic name as entry element Missions
Geographic subdivision Tanzania
-- West Lake Region.
9 (RLIN) 23377
830 #0 - SERIES ADDED ENTRY--UNIFORM TITLE
Uniform title Makumira publications ;
Volume number/sequential designation 2.
9 (RLIN) 23378
906 ## - LOCAL DATA ELEMENT F, LDF (RLIN)
a 7
b cbc
c orignew
d 3
e ncip
f 19
g y-gencatlg
942 ## - ADDED ENTRY ELEMENTS (KOHA)
Source of classification or shelving scheme Library of Congress Classification
Koha item type Monograph ( Printed materials)
Holdings
Withdrawn status Lost status Source of classification or shelving scheme Damaged status Not for loan Collection code Home library Current library Shelving location Date acquired Total Checkouts Full call number Barcode Date last seen Price effective from Koha item type
    Library of Congress Classification     Main Collection ARRUPE LIBRARY ARRUPE LIBRARY Main Collection 23/03/2016   DT443.3.B35 L87 1974 46500007039 07/12/2017 23/03/2016 Monograph ( Printed materials)

 

Arrupe Library. PO Box MP320 Mt Pleasant, Harare, Zimbabwe
263 242 745411|librarian@aju.ac.zw